Manchester United women squad 22/23 - Statistics

General Stats
  • This quiz has been taken 118 times
    100 since last reset
  • The average score is 13 of 31
Answer Stats
# Nation Position Answer % Correct
7 England MF Ella Toone
97%
27 England GK Mary Earps
97%
23 England FW Alessia Russo
95%
2 Spain DF Ona Batlle
82%
21 England DF Millie Turner
79%
10 England MF Katie Zelem
78%
22 England FW Nikita Parris
66%
11 England MF Leah Galton
62%
Coach Marc Skinner
55%
15 England DF Maja Le Tissier
53%
17 Spain FW Lucia Garcia
48%
12 Wales MF Hayley Ladd
41%
6 England DF Hannah Blundell
40%
28 England FW Rachel Williams
40%
5 England DF Aoife Mannion
37%
9 Scotland FW Martha Thomas
33%
32 England GK Sophie Baggaley
33%
19 Canada FW Adriana Leon
32%
14 Canada DF Jayde Riviere
29%
3 Norway DF Maria Thorisdottir
26%
8 Norway MF Vilde Boe Risa
25%
26 England MF Grace Clinton
23%
16 Norway MF Lisa Naalsund
23%
20 France DF Aissatou Tounkara
21%
29 France MF Estelle Cascarino
19%
1 England GK Emily Ramsey
15%
18 Scotland MF Kirsty Hanson
15%
13 Brazil FW Ivana Ferreira Fuso
12%
4 England MF Jade Moore
10%
24 Wales MF Carrie Jones
8%
25 England DF Tara Bourne
8%
No matching quizzes found
Score Distribution
Percent of People with Each Score
Percentile by Number Answered
Your Score History
You have not taken this quiz since the last reset